000 00476cam a22001577a 4500
008 180718b2003 xxu||||| |||| 00| 0 eng d
020 _a0275980340
082 _aI513 F164
100 _aFairholm, Gilbert W.
245 _aTechniques of inner leadership: making inner leadership work
_cby Gilbert W. Fairholm
260 _aLondon
_bPraeger
_c2003
300 _a308p.
650 _aCorporate culture
650 _aLeadership --Moral and ethical aspects
650 _aLeadership
999 _c403083
_d403083